| 000 | 004670000a22001690004500 | ||
|---|---|---|---|
| 003 | MACL | ||
| 005 | 20160109130635.0 | ||
| 008 | 160109b xxu||||| |||| 00| 0 eng d | ||
| 040 |
_aMACL _cMACL |
||
| 041 | _aEnglish | ||
| 082 | _a920/MCC | ||
| 100 |
_aChatto & Windus _930337 |
||
| 245 |
_aOur Book of Memories _bLetters of Justin McCarthy to Mrs Campbell Praed |
||
| 260 |
_bChatto & Windus _c1912 _aLondon |
||
| 650 |
_aBiography _930338 |
||
| 942 |
_cBK _k920/MCC _2ddc |
||
| 999 |
_c38084 _d38084 |
||